000 00511nam a2200193 a 4500
001 1769488317970
003 YourLibrary
005 20260128114520.0
008 260127s2007##################000#0#eng##
020 _a9780520256569
082 0 4 _a304.20973
_bSOL
100 1 _aSolnit, Rebecca,
_eauthor.
245 1 0 _aStorming the Gates of Paradise :
260 _bUniv of California Press,
_c2007.
300 _a431 pages
650 0 _aHistory.
942 _cENGLISH
040 _aYourLibrary
_beng
_cYourLibrary
999 _c609278
_d609278